Динамика развития национальной экономики в условиях цифровизации: стратегические и институциональные факторы (Запись № 11483579)

Подробности
000 -МАРКЕР
контрольное поле 02860nam0a2200409 4500
001 - ИДЕНТИФИКАТОР ЗАПИСИ
контрольное поле RU\NLR\BIBL_A\012017773
005 - ИДЕНТИФИКАТОР ВЕРСИИ
контрольное поле 20190617164417.0
010 ## - МЕЖДУНАРОДНЫЙ СТАНДАРТНЫЙ НОМЕР КНИГИ (ISBN)
Номер (ISBN) 978-5-94809-998-9
Тираж 500
021 ## - НОМЕР ГОСУДАРСТВЕННОЙ РЕГИСТРАЦИИ
Код страны Российская Федерация
Номер КН-П-19-028623
Номер Листа государственной регистраци КН-П-19-2154
035 ## - ДРУГИЕ СИСТЕМНЫЕ НОМЕРА
Идентификатор записи (NLR Aleph) 012017773
035 ## - ДРУГИЕ СИСТЕМНЫЕ НОМЕРА
Идентификатор записи (RuMoRGB)009957282
100 ## - ДАННЫЕ ОБЩЕЙ ОБРАБОТКИ
Данные общей обработки 20190521d2018 k y0rusy50 ca
101 0# - ЯЗЫК РЕСУРСА
Язык текста, звукозаписи и т.д. русский
102 ## - СТРАНА ПУБЛИКАЦИИ ИЛИ ПРОИЗВОДСТВА
Страна публикации Российская Федерация
105 ## - ПОЛЕ КОДИРОВАННЫХ ДАННЫХ: ТЕКСТОВЫЕ МАТЕРИАЛЫ, МОНОГРАФИЧЕСКИЕ
Кодированные данные о монографическом текстовом документе a|||z|||000zy
200 1# - ЗАГЛАВИЕ И СВЕДЕНИЯ ОБ ОТВЕТСТВЕННОСТИ
Основное заглавие Динамика развития национальной экономики в условиях цифровизации: стратегические и институциональные факторы
Сведения, относящиеся к заглавию монография
Первые сведения об ответственности [Т.И. Либерман, канд. экон. наук, доцент, Е.Ю. Коротаева, преподаватель, Е.С. Татаринова, преподаватель и др.
Последующие сведения об ответственности под ред. д.э.н., проф. Графовой Г.Ф., к.э.н., доц. Шахватовой С.А.]
-- Федеральное государственное бюджетное образовательное учреждение высшего образования "Российская академия народного хозяйства и государственный службы при Президенте Российской Федерации", Липецкий филиал
210 ## - ПУБЛИКАЦИЯ, РАСПРОСТРАНЕНИЕ И ДР.
Место издания, распространения и т.д. Елец
Имя издателя, распространителя и т. д. Федеральное государственное бюджетное образовательное учреждение высшего образования "Елецкий государственный университет им. И.А. Бунина"
Дата издания, распространения и т.д. 2018
215 ## - ФИЗИЧЕСКАЯ ХАРАКТЕРИСТИКА
Специфическое обозначение материала и объем 201 с.
Другие сведения о физической характеристике ил., табл.
Размеры 20
300 ## - ОБЩИЕ ПРИМЕЧАНИЯ
Текст примечания Авт. указаны на обороте тит. л.
320 ## - ПРИМЕЧАНИЯ О НАЛИЧИИ В ДОКУМЕНТЕ БИБЛИОГРАФИИ / УКАЗАТЕЛЯ
Текст примечания Библиогр.: с. 193-200 (94 назв.) и в конце разд.
606 1# - НАИМЕНОВАНИЕ ТЕМЫ КАК ПРЕДМЕТ
Наименование темы Предприятия
Тематический подзаголовок Экономическая безопасность
-- Управление
Географический подзаголовок Российская Федерация
Код системы nlr_sh2
Идентификатор авторитетной/нормативной записи RU\NLR\AUTH\661568315
607 ## - ГЕОГРАФИЧЕСКОЕ НАИМЕНОВАНИЕ КАК ПРЕДМЕТ
Географическое наименование Российская Федерация
Тематический подзаголовок Экономическая политика
Код системы nlr_sh1
-- nlr_sh2
Идентификатор авторитетной/нормативной записи RU\NLR\AUTH\66976953
686 1# - ИНДЕКСЫ ДРУГИХ КЛАССИФИКАЦИЙ
Индекс У9(2)-971-21(2Р)
686 1# - ИНДЕКСЫ ДРУГИХ КЛАССИФИКАЦИЙ
Индекс У9(2)-18(2Р)
686 1# - ИНДЕКСЫ ДРУГИХ КЛАССИФИКАЦИЙ
Индекс У29(2)
701 #1 - ИМЯ ЛИЦА - АЛЬТЕРНАТИВНАЯ ОТВЕТСТВЕННОСТЬ
Начальный элемент ввода Либерман
Часть имени, кроме начального элемента ввода Т. И.
701 #1 - ИМЯ ЛИЦА - АЛЬТЕРНАТИВНАЯ ОТВЕТСТВЕННОСТЬ
Начальный элемент ввода Коротаева
Часть имени, кроме начального элемента ввода Е. Ю.
701 #1 - ИМЯ ЛИЦА - АЛЬТЕРНАТИВНАЯ ОТВЕТСТВЕННОСТЬ
Начальный элемент ввода Татаринова
Часть имени, кроме начального элемента ввода Е. С.
702 #1 - ИМЯ ЛИЦА - ВТОРИЧНАЯ ОТВЕТСТВЕННОСТЬ
Начальный элемент ввода Графова
Часть имени, кроме начального элемента ввода Г. Ф.
Расширение инициалов личного имени Галина Федоровна
Код отношения Редактор
712 02 - НАИМЕНОВАНИЕ ОРГАНИЗАЦИИ - ВТОРИЧНАЯ ОТВЕТСТВЕННОСТЬ
Начальный элемент ввода Российская академия народного хозяйства и государственной службы
Структурное подразделение Липецкий филиал
Идентификатор авторитетной/нормативной записи RU\NLR\AUTH\880465609
Код отношения Прочие
942 ## - ДОПОЛНИТЕЛЬНЫЕ ЭЛЕМЕНТЫ ЗАПИСИ (АБИС)
Тип экземпляра АБИС Книга
980 ## - КОЛЛЕКЦИЯ
Название коллекции НБР
980 ## - КОЛЛЕКЦИЯ
Название коллекции Национальная библиография

Нет доступных экземпляров.